Regional (Record no. 81127)
[ view plain ]
| 000 -LEADER | |
|---|---|
| fixed length control field | 00983cab a22001935a 4500 |
| 001 - CONTROL NUMBER | |
| control field | L141891 |
| 008 - FIXED-LENGTH DATA ELEMENTS--GENERAL INFORMATION | |
| fixed length control field | 080109e20080104xxk f 000 0 eng d |
| 035 ## - SYSTEM CONTROL NUMBER | |
| System control number | (Sirsi) u146359 |
| 041 0# - LANGUAGE CODE | |
| Language code of text/sound track or separate title | eng |
| 100 1# - MAIN ENTRY--PERSONAL NAME | |
| Personal name | Eade, Christine |
| 245 00 - TITLE STATEMENT | |
| Title | Regional |
| Remainder of title | Channel Islands |
| 260 ## - PUBLICATION, DISTRIBUTION, ETC. | |
| Date of publication, distribution, etc. | 2008 |
| 490 ## - SERIES STATEMENT | |
| Series statement | Property Week |
| Volume/sequential designation | 73(1) 4 January 2008, 57-64(6) |
| 520 ## - SUMMARY, ETC. | |
| Summary, etc. | Reports that the property investor network Hotbed has paid £35m for a Guernesey seafront office development, in a deal financed significantly by local investors. Surveyors in Jersey are opposing a massive office development in St Helier over concerns that it will monopolise the market. Guernsey's Royal Chambers office scheme has achieved rents far in advance of expectation. The island is also seeing a new era in its retail market. Also covers recent property market stories in brief. |
| 590 ## - LOCAL NOTE (RLIN) | |
| Local note | KA |
| 651 #4 - SUBJECT ADDED ENTRY--GEOGRAPHIC NAME | |
| Geographic name | CHANNEL ISLANDS |
| 690 ## - LOCAL SUBJECT ADDED ENTRY--TOPICAL TERM (OCLC, RLIN) | |
| Topical term or geographic name as entry element | PROPERTY-COMMERCIAL PROPERTY-COMMERCIAL PROPERTY MARKET |
| 942 ## - ADDED ENTRY ELEMENTS (KOHA) | |
| Suppress in OPAC | 0 |
| Withdrawn status | Lost status | Source of classification or shelving scheme | Damaged status | Not for loan | Home library | Current library | Shelving location | Date acquired | Total Checkouts | Full call number | Barcode | Date last seen | Copy number | Price effective from | Koha item type |
|---|---|---|---|---|---|---|---|---|---|---|---|---|---|---|---|
| Dewey Decimal Classification | London | London | Journal article | 12/01/2009 | L146359 | 146359-1001 | 06/08/2019 | 1 | 06/08/2019 | Journal article |